000 00942nam a22002537a 4500
008 240619b mp ||||| |||| 00| 0 mon d
020 _a978-99973-1-457-4
035 _a21335
040 _aUV1862160
_bmon
_cMN-UlNLM
_dMN-UlNLM
_erda
041 _amon
042 _a52648
082 _210-t
_a808.899
_bР.10
100 _aРоулинг Ж.К.
245 0 _aХарри Поттер ба философийн чулуу
264 _aУБ
_bМонсудар
_c2014
300 _a341х.
336 _2rdacontent
_atext
_btxt
337 _2rdamedia
_aunmediated
_bn
338 _2rdacarrier
_avolume
_bnc
490 _v1
650 _a«Хогвартс” ид шидийн ухааны сургуулийн тухай хэзээ ч сонсож байгаагүй ХАРРИ ПОТТЕР Улаан төгөлийн гудамжны дөрвөн тоотод амьдард...
942 _210-t
_cBK
999 _c923109
_d923166